000 00321nam a2200145Ia 4500
008 230718s9999 xx 000 0 und d
041 _aEng.
082 _a320.4
_bABB-Q
100 _aAbbas,Syed,Naveed
245 0 _aqanun-e-shahdat 1984
260 _aPakistan
_b"
_c2013
300 _a96
650 _aLaw
999 _c30222
_d30222